000 00952nmm a2200289 a 4500
001 ocm000593431
003 TR-IsHL
005 20201028130504.0
008 131010s2003 tu tur
007 cr cn
020 _a9789756628089
035 _a593431
_b(N$T)
050 0 4 _aPQ2011.L6
_bA33 2003
090 0 4 _aPQ2011.L6
_bA33 2003
100 1 _aMontesquieu
245 1 0 _aİran mektupları =
_bLettres persanes
_h[electronic resource] /
_cMontesquieu ; çev. Muhiddin Göklü
250 _a3. bs.
260 _aİstanbul :
_bAnka Yayınları,
_c2003
300 _a414 p.
650 4 _aDil ve Edebiyat
650 4 _aLanguage and Literature
650 0 _aFransız edebiyatı
_x Mektuplar
650 0 _aFrench literature
_x Letters
650 7 _aLITERARY COLLECTIONS / European / French
_2bisacsh
700 1 _aGöklü, Muhiddin
856 4 0 _uhttp://search.ebscohost.com/login.aspx?direct=true&scope=site&db=e011xww&AN=593431
999 _c4050
_d4050